Statistics for Neighbors of Spanish-Speaking Countries

Click here to take the quiz!

General Stats

  • This quiz has been taken 27 times
  • The average score is 10 of 11

Answer Stats

Hispanophone NeighborCountry% Correct
SpainAndorra
96%
VenezuelaBrazil
96%
SpainFrance
96%
VenezuelaGuyana
96%
SpainPortugal
96%
MexicoBelize
88%
SpainMorocco
88%
MexicoUnited States
88%
Equatorial GuineaCameroon
76%
Equatorial GuineaGabon
76%
Dominican RepublicHaiti
64%

Score Distribution

Percentile by Number Answered

Percent of People with Each Score

Your Score History

You have not taken this quiz